000 00591nam a22001577a 4500
999 _c534835
_d534835
020 _qHard Cover.
082 _a621.3678
100 _aHira Fatima, Syeda
245 _aSPECIES DISTRUBUTION MODELING OF DENGUE MOSQUITOES IN TWO ENVIRONMENTAL REGIMES, LAHORE AND SWAT :
_bIMPLICATIONS IN VECTOR BIOLOGY
_c Syeda Hira Fatima.
260 _aISLAMABAD:
_bIGIS - NUST,
_c2014.
300 _axiii, : 86 p. ill. :
_c30cm.
942 _2ddc
_cTHE
650 _aMS Thesis Remote Sensing and GIS.
_929221
700 _aDr. Salman Atif.
_916650